Learn Windows 95 In A Day (Record no. 108029)

MARC details
000 -LEADER
fixed length control field 00368pam a2200157 a 4500
020 ## - INTERNATIONAL STANDARD BOOK NUMBER
Terms of availability
041 ## - LANGUAGE CODE
Language code of original
082 ## - DEWEY DECIMAL CLASSIFICATION NUMBER
Classification number 5.4370000000000003
Item number FUL
100 ## - MAIN ENTRY--PERSONAL NAME
Personal name Fuller, S.M.
245 ## - TITLE STATEMENT
Title Learn Windows 95 In A Day
Medium Textual Documents
250 ## - EDITION STATEMENT
Edition statement 1st ed
260 ## - PUBLICATION, DISTRIBUTION, ETC.
Place of publication, distribution, etc. New Delhi
Name of publisher, distributor, etc. Bpb Publications
Date of publication, distribution, etc. 1996
300 ## - PHYSICAL DESCRIPTION
Extent VII/134/PB
700 ## - ADDED ENTRY--PERSONAL NAME
Personal name Pagan, K.
930 ## - EQUIVALENCE OR CROSS-REFERENCE-UNIFORM TITLE HEADING [LOCAL, CANADA]
Uniform title 1196
Holdings
Withdrawn status Lost status Source of classification or shelving scheme Damaged status Not for loan Home library Current library Shelving location Date acquired Source of acquisition Cost, normal purchase price Total Checkouts Full call number Barcode Date last seen Date last checked out Copy number Price effective from Koha item type
    Dewey Decimal Classification     Abhijit Kadam Institute of Management & Social Science, Solapur Abhijit Kadam Institute of Management & Social Science, Solapur   29/06/2001 Mahaveer General Store 45.00 9 5.4370000000000003 FUL AKS-C-00081 09/03/2026 23/02/2026 1 01/03/2023 Book